Find characters of Sense and Sensibility Quiz Stats

 Plays Quiz not verified by Sporcle

Also try: The Outsiders
Challenge
Share
Tweet
Embed
Score 0/24 Timer 05:00
0 Plays Today
% Correct
Elinor Dashwood
96.9%
Margaret Dashwood
96.9%
Marianne Dashwood
96.9%
John Dashwood
96.3%
Mrs Dashwood
95.7%
John Willoughby
95.1%
Edward Ferrars
94.9%
Mrs Ferrars
94%
Fanny Dashwood
93.8%
Lucy Steele
93.1%
Robert Ferrars
92.9%
Colonel Brandon
92.6%
% Correct
Henry Dashwood
91.5%
Mrs Jennings
87.2%
Nancy Steele
84.4%
John Middleton
82.7%
Charlotte Palmer
82.1%
Thomas Palmer
79.5%
Lady Middleton
77.8%
Sophia Grey
65.9%
Mr Pratt
65.9%
Eliza Williams
64.7%
Elizabeth Williams
47.7%
Lord Morton
34.1%

You're not logged in!

Compare scores with friends on all Sporcle quizzes.
Join for Free
OR
Log In

You Might Also Like...

Show Comments

Extras

Created May 27, 2012ReportNominate
Tags:Clickable Quiz, character, sense

Top Quizzes Today


Score Distribution

Your Account Isn't Verified!

In order to create a playlist on Sporcle, you need to verify the email address you used during registration. Go to your Sporcle Settings to finish the process.

Report this User

Report this user for behavior that violates our Community Guidelines.

Details: